00746nam a2200193Ia 4500952012300000952012900123999001300252003000400265005001700269008004100286040000900327082001500336100005000351245007200401260002400473300000800497650001100505942003600516 00102ddc40708ISLAMaMESbMEScARBd2019-02-20l0o297 ALM/Bp13893r2019-02-20 00:00:00t1w2019-02-20yREFzU15R4 00102ddc40708ISLAMaMESbMEScARBd2019-02-20g3.00l0o297 ALM/Bp13894r2019-02-20 00:00:00t2w2019-02-20yREFzU15R4 c371d371OSt20210901143322.0190216s9999||||xx |||||||||||||| ||und|| coclc a297bALM/B aAl Mahmud, Al Shaikh Abdullah Bin Zaid 98736 0aButhal An Nikah Al Muthath /cAl Shaikh Abdullah Bin Zaid Al Mahmud bAmeera And Company, a37p aArabic cBK2ddch297iALM/Bk297mALM/B